| 000 | 01364nam0a2200337 4500 | ||
|---|---|---|---|
| 001 | RU\NLR\bibl\1520105 | ||
| 005 | 20260405213306.0 | ||
| 010 |
_a978-5-8125-1423-5 _9500 |
||
| 021 |
_aRU _b2010-31449 _92107 |
||
| 035 | _a(NLR Aleph) 001511471 | ||
| 090 |
_a83251 _c83251 |
||
| 100 | _a20100607d2010 |||y0rusy50 ca | ||
| 101 | 0 |
_arus _aeng |
|
| 102 | _aRU | ||
| 105 | _ay ||||||||| | ||
| 200 | 1 |
_aРусско-английский словарь по торпедному вооружению _e[около 9 тыс. терминов] _fДаминова С.О. |
|
| 210 |
_aТула _cГриф и К _d2010 |
||
| 215 |
_a286, [5] с. _d23 |
||
| 320 | _aБиблиогр. в конце кн. (9 назв.) | ||
| 606 | 1 |
_aРусский язык _xТерминология военная _xСловари _xАнглийский язык _91606352 _3RU\NLR\auth\661005846 |
|
| 606 | 1 |
_aТорпедное вооружение _xСловари _xАнглийский язык _92601406 _3RU\NLR\auth\661537964 |
|
| 686 | _aШ141.12-434.1 | ||
| 686 | _aШ143.21-434.2 | ||
| 686 | _aЦ661.25я212.2 | ||
| 700 | 1 |
_4070 _8rus _7ca _aДаминова _bС. О. _gСофия Оскаровна _3RU\NLR\auth\7796336 _979262 |
|
| 801 | 0 |
_aRU _bNLR _c20100607 _gRCR |
|
| 801 | 1 |
_aRU _bNLR _c20100607 |
|
| 830 | _aавт. по кн. | ||
| 942 | _cBOOK | ||
| 980 | _aNB | ||